| 000 | 00774nam a22002417a 4500 | ||
|---|---|---|---|
| 005 | 20150310142629.0 | ||
| 010 | _aBAC-EN21 ENG-111766 | ||
| 020 |
_a9788121926164 _c650.00 |
||
| 035 | _aEN-95298 | ||
| 035 | _aB-593040-070 | ||
| 037 |
_bUBH/Ven _adpl |
||
| 037 | _bDBAD/PUB | ||
| 082 | _a620.1 | ||
| 100 | _aKhurmi, R.S. | ||
| 245 |
_aA textbook of engineering mechanics : _cby R.S. Khurmi _bSI units / |
||
| 250 | _a20th rev. ed | ||
| 260 |
_aNew Delhi _bS. Chand _c2014(repr.) |
||
| 270 |
_a7361,Ram Nagar _bNew Delhi _e110055 |
||
| 300 |
_axii,765p. : _c24cm(pbk) _bcol. ill. |
||
| 500 | _aIncludes index | ||
| 942 |
_2ddc _cEN _mKHU _h620.1 |
||
| 999 |
_c89073 _d89073 |
||